000 00456nam a2200181 4500
005 20260109095550.0
008 260109b |||||||| |||| 00| 0 eng d
020 _a9780262701150
041 _aEnglish
082 _a745.4
_bTHA
100 _aThackara John
_9216244
245 _aIn the Bubble : Designing in a Complex World
260 _aLondon
_bThe MIT Press
_c2005
300 _a321
365 _b2389.27
_cRs.00
650 _aDesign
942 _cBK
999 _c369795
_d369795